书目信息 |
| 题名: |
怀念与回忆
|
|
| 作者: | 何载 著 | |
| 分册: | ||
| 出版信息: | 北京 中共中央党校出版社 2003 |
|
| 页数: | 201页 | |
| 开本: | 20cm | |
| 丛书名: | ||
| 单 册: | ||
| 中图分类: | A752 | |
| 科图分类: | ||
| 主题词: | 毛泽东--生平事迹 , 毛泽东--传记 | |
| 电子资源: | ||
| ISBN: | 7-5035-2620-3 | |
| 000 | 00626nam0 2200229 450 | |
| 001 | 0539826593 | |
| 005 | 20051107110655.07 | |
| 010 | @a7-5035-2620-3@dCNY13.00 | |
| 092 | @aCN | |
| 100 | @a20051107d2003 km y0chiy0120 ea | |
| 101 | 0 | @achi |
| 102 | @aCN@b110000 | |
| 200 | 1 | @a怀念与回忆@Ahuai nian yu hui yi@e教诲与思考@f何载著@Fhe zai zhu |
| 210 | @a北京@c中共中央党校出版社@d2003 | |
| 215 | 1 | @a201页@d20cm |
| 517 | 1 | @a教诲与思考@Ajiao hui yu si kao |
| 606 | 0 | @a毛泽东@x生平事迹 |
| 606 | 0 | @a毛泽东@x传记 |
| 690 | @aA752@v4 | |
| 701 | 0 | @a何载@Ahe zai@4著 |
| 801 | 0 | @aCN@bPFT@c20051107 |
| 905 | @a10447@dA752@e118 | |
| 怀念与回忆:教诲与思考/何载著.-北京:中共中央党校出版社,2003 |
| 201页;20cm |
| ISBN 7-5035-2620-3:CNY13.00 |
| ● |
| 相关链接 |
|
|
|
|
正题名:怀念与回忆
索取号:A752/118
 
预约/预借
| 序号 | 登录号 | 条形码 | 馆藏地/架位号 | 状态 | 备注 |
| 1 | 0337752 | 203377522 | 第一样本阅览室/ [索取号:A752/118] | 在馆 | |
| 2 | 0337753 | 203377531 | 第一借阅区/ [索取号:A752/118] | 在馆 | |
| 3 | 0337754 | 203377540 | 第一借阅区/ [索取号:A752/118] | 在馆 |